| 000 | 00609nam a2200193 a 4500 | ||
|---|---|---|---|
| 001 | 0332 | ||
| 005 | 20140414132016.0 | ||
| 008 | 040910s19uu xx 00 eng d | ||
| 020 | _a0-590-53755-5 | ||
| 050 |
_aTR _bB88 1988 |
||
| 100 | _aLeedy, Loreen | ||
| 245 |
_aBunny play (The) / _cwritten and illustrated by Loreen Leedy. |
||
| 260 |
_aNew York : _bScholastic, _c1988. |
||
| 300 | _a30 p. : ill. ; cm. | ||
| 520 | _aThe bunnies wants to put on a musical play that tell the story of Little red riding hood. | ||
| 650 |
_aStage play _xfiction. |
||
| 650 |
_aPerformance _xfiction. |
||
| 999 |
_c113362 _d113362 |
||